Online
Catalog

Compadre Mon / (Record no. 53707)

MARC details
000 -CABECERA
campo de control de longitud fija 01765nam a2200337 i 4500
003 - IDENTIFICADOR DEL NÚMERO DE CONTROL
campo de control DO-SdBNP
005 - FECHA Y HORA DE LA ÚLTIMA TRANSACCIÓN
campo de control 20240305094430.0
006 - CÓDIGOS DE INFORMACIÓN DE LONGITUD FIJA--CARACTERÍSTICAS DEL MATERIAL ADICIONAL
campo de control de longitud fija a||||gr|||| 00| 0
007 - CAMPO FIJO DE DESCRIPCIÓN FÍSICA--INFORMACIÓN GENERAL
campo de control de longitud fija ta
008 - DATOS DE LONGITUD FIJA--INFORMACIÓN GENERAL
campo de control de longitud fija 230602e2001 dr a ||gr|||| 00| p spa d
020 ## - NÚMERO INTERNACIONAL ESTÁNDAR DEL LIBRO
Número Internacional Estándar del Libro 999342319x
040 ## - FUENTE DE LA CATALOGACIÓN
Centro catalogador/agencia de origen DO-SdBNP
Lengua de catalogación spa
Centro/agencia transcriptor BNPHU
Normas de descripción rda
082 #4 - NÚMERO DE LA CLASIFICACIÓN DECIMAL DEWEY
Número de edición 22
Número de clasificación RD861.44
Número de documento/Ítem C117com
100 1# - ENTRADA PRINCIPAL--NOMBRE DE PERSONA
Nombre de persona Cabral, Manuel del,
Fechas asociadas al nombre 1907-1999
9 (RLIN) 23556
245 10 - MENCIÓN DE TÍTULO
Título Compadre Mon /
Mención de responsabilidad, etc. Manuel del Cabral ; presentación, Manuel Lara Hernández.
264 #1 - PRODUCCIÓN, PUBLICACIÓN, DISTRIBUCIÓN, FABRICACIÓN Y COPYRIGHT
Producción, publicación, distribución, fabricación y copyright Santo Domingo :
Nombre del de productor, editor, distribuidor, fabricante Banco de Reservas,
Fecha de producción, publicación, distribución, fabricación o copyright 2001
300 ## - DESCRIPCIÓN FÍSICA
Extensión 218 páginas :
Otras características físicas ilustraciones ;
Dimensiones 26 cm.
336 ## - TIPO DE CONTENIDO
Fuente rdaconten
Término de tipo de contenido texto
Código de tipo de contenido txt
337 ## - TIPO DE MEDIO
Fuente rdamedia
Nombre/término del tipo de medio sin medición
Código del tipo de medio n
338 ## - TIPO DE SOPORTE
Fuente rdacarrier
Nombre/término del tipo de soporte volumen
Código del tipo de soporte nc
500 ## - NOTA GENERAL
Nota general Publicación Conmemorativa de la IV Feria Internacional del Libro, en homenaje a Manuel del Cabral, con la autorización exclusiva de la Fundación del Cabral.
500 ## - NOTA GENERAL
Nota general Incluye vocabulario.
505 ## - NOTA DE CONTENIDO CON FORMATO
Nota de contenido con formato Presentación. /
Mención de responsabilidad Lic. Manuel Lara Fernández. Administrador General del Banco de Reservas de la República Dominicana.
Título Compadre Mon: épica e historia. /
Mención de responsabilidad Basilio Beliard.
Título Dos palabras.--
Información miscelánea Primera Parte:
Título Carta a Compadre Mon.-- Poema 6, 40....-- Poema 13, 47....-- Poema 20, 54.....-- Poema 27,56....-- Poema 33, 67.--
Información miscelánea Segunda Parte:
Título Habla Compadre Mon.--
-- Tierras Casi si Mon.--
-- Motivos de Compadre Mon.--
-- Cuatro Vecinas de Mon.--
Información miscelánea Tercera Parte.
Título Compadre Mon en Haití.-- Compadre Mon en su tierra.--
-- Vocabulario.
590 ## - NOTA LOCAL (RLIN)
Nota local Inventariado 2023 / MF
650 #4 - PUNTO DE ACCESO ADICIONAL DE MATERIA--TÉRMINO DE MATERIA
Término de materia o nombre geográfico como elemento de entrada Poesía dominicana
650 #4 - PUNTO DE ACCESO ADICIONAL DE MATERIA--TÉRMINO DE MATERIA
Término de materia o nombre geográfico como elemento de entrada Literatura dominicana
700 1# - PUNTO DE ACCESO ADICIONAL--NOMBRE DE PERSONA
9 (RLIN) 23055
Nombre de persona Lara Hernández, Manuel,
Término indicativo de función/relación presentación
710 2# - PUNTO DE ACCESO ADICIONAL--NOMBRE DE ENTIDAD CORPORATIVA
9 (RLIN) 6285
Nombre de entidad corporativa o nombre de jurisdicción como elemento de entrada Banco de Reservas de la República Dominicana
910 ## - DATOS DE OPCIÓN DEL USUARIO (OCLC)
Datos de opción del usuario Validado. Control de calidad MFF
942 ## - ELEMENTOS DE PUNTO DE ACCESO ADICIONAL (KOHA)
Fuente del sistema de clasificación o colocación Dewey Decimal Classification
Tipo de ítem Koha Libro
Holdings
Estado de retiro Estado de pérdida Fuente del sistema de clasificación o colocación Restricciones de uso No para préstamo Código de colección Localización permanente Ubicación/localización actual Ubicación en estantería Fecha de adquisición Fuente de adquisición Total de préstamos Signatura topográfica completa Código de barras Fecha visto por última vez Precio válido a partir de Tipo de ítem Koha
    Dewey Decimal Classification Excluido de préstamo   Patrimonio Dominicano Biblioteca Nacional Pedro Henríquez Ureña Biblioteca Nacional Pedro Henríquez Ureña Depósito 02.06.2015 Donado por Hipólito Carrasco 2015   BNPHU PD RD861.44 C117c 2023-2195 02.06.2023 02.06.2023 Libro

Powered by Koha